The Magic of Malgudi : (Record no. 129967)
[ view plain ]
| 000 -LEADER | |
|---|---|
| fixed length control field | 00831nam a22002657a 4500 |
| 003 - CONTROL NUMBER IDENTIFIER | |
| control field | 0 |
| 005 - DATE AND TIME OF LATEST TRANSACTION | |
| control field | 20200111181651.0 |
| 008 - FIXED-LENGTH DATA ELEMENTS--GENERAL INFORMATION | |
| fixed length control field | 200111b ||||| |||| 00| 0 eng d |
| 010 ## - LIBRARY OF CONGRESS CONTROL NUMBER | |
| LC control number | B-215065, B-215077 |
| 020 ## - INTERNATIONAL STANDARD BOOK NUMBER | |
| Terms of availability | 295.00 |
| International Standard Book Number | 9780140298857 |
| 035 ## - SYSTEM CONTROL NUMBER | |
| System control number | B-215065 |
| 035 ## - SYSTEM CONTROL NUMBER | |
| System control number | B-215077 |
| 037 ## - SOURCE OF ACQUISITION | |
| Source of stock number/acquisition | Cen Lib/Ret |
| 040 ## - CATALOGING SOURCE | |
| Original cataloging agency | DPL |
| Language of cataloging | EN |
| Transcribing agency | dpl |
| 082 ## - DEWEY DECIMAL CLASSIFICATION NUMBER | |
| Classification number | N |
| Item number | NAR |
| 100 ## - MAIN ENTRY--PERSONAL NAME | |
| Personal name | Narayana, R.K. |
| 9 (RLIN) | 101876 |
| 245 ## - TITLE STATEMENT | |
| Title | The Magic of Malgudi : |
| Statement of responsibility, etc | by R.K. Narayan; edited by S. Krishna |
| Remainder of title | swami and freinds the bachelor of arts the vendor of sweets / |
| 260 ## - PUBLICATION, DISTRIBUTION, ETC. (IMPRINT) | |
| Place of publication, distribution, etc | New Delhi |
| Name of publisher, distributor, etc | Penguin books |
| Date of publication, distribution, etc | 2002 |
| 270 ## - ADDRESS | |
| City | New Delhi |
| Address | 11, Community centre pachsheel park |
| Postal code | 110017 |
| 300 ## - PHYSICAL DESCRIPTION | |
| Extent | xiii,408p. |
| Dimensions | 21cm(pbk) |
| 650 ## - SUBJECT ADDED ENTRY--TOPICAL TERM | |
| Topical term or geographic name as entry element | Literature |
| 9 (RLIN) | 6262 |
| 650 ## - SUBJECT ADDED ENTRY--TOPICAL TERM | |
| Topical term or geographic name as entry element | Novel |
| 9 (RLIN) | 22513 |
| 700 ## - ADDED ENTRY--PERSONAL NAME | |
| Personal name | Krishna, S. |
| 9 (RLIN) | 101877 |
| 942 ## - ADDED ENTRY ELEMENTS (KOHA) | |
| Source of classification or shelving scheme | Dewey Decimal Classification |
| Koha item type | English Books |
| Classification part | N |
| Call number suffix | NAR |
| Withdrawn status | Lost status | Source of classification or shelving scheme | Damaged status | Not for loan | Home library | Current library | Date acquired | Source of acquisition | Cost, normal purchase price | Total Checkouts | Full call number | Barcode | Date last seen | Copy number | Cost, replacement price | Price effective from | Koha item type | Collection code | Total Renewals | Date checked out |
|---|---|---|---|---|---|---|---|---|---|---|---|---|---|---|---|---|---|---|---|---|
| Dewey Decimal Classification | Central Library | Central Library | 08/07/2015 | Cen Lib/Ret | 295.00 | N NAR | B-215065 | 08/07/2015 | 1 | 295.00 | 08/07/2015 | English Books | ||||||||
| Dewey Decimal Classification | R.K.Puram-8 | R.K.Puram-8 | 11/01/2020 | BPPD/Purchase | 295.00 | N NAR | B-215077 | 11/01/2020 | 1 | 295.00 | 11/01/2020 | English Books | Fiction | |||||||
| Dewey Decimal Classification | Sarojini Nagar | Sarojini Nagar | 11/10/2018 | 2 | N NAR | B-215092 | 30/05/2019 | 11/10/2018 | English Books | Fiction | 2 | 20/04/2019 |
